000
00341nam a22001577a 4500
003
OSt
005
20211015094656.0
008
211015b |||||||| |||| 00| 0 eng d
020
_a
0.030865719
040
_c
hu
100
_a
hart/socolow
_9
13838
245
_a
patlent earth
260
_b
new york
300
_a
364
942
_2
ddc
_c
BOOKS
_n
0
999
_c
12920
_d
12920